Documento de trabajo en preparacion al V° Capitulo General (Record n. 98265)

Dettagli MARC
000 -LEADER
fixed length control field 00648nam a22001697a 4500
003 - CONTROL NUMBER IDENTIFIER
control field IT-RoPau
005 - DATE AND TIME OF LATEST TRANSACTION
control field 20220918181102.0
008 - FIXED-LENGTH DATA ELEMENTS--GENERAL INFORMATION
fixed length control field 130322b xxu||||| |||| 00| 0 eng d
040 ## - CATALOGING SOURCE
Transcribing agency IT-RoPau
100 ## - MAIN ENTRY--PERSONAL NAME
Personal name Capitulo General
9 (RLIN) 485
245 ## - TITLE STATEMENT
Title Documento de trabajo en preparacion al V° Capitulo General
250 ## - EDITION STATEMENT
Edition statement 1° ed
260 ## - PUBLICATION, DISTRIBUTION, ETC. (IMPRINT)
Place of publication, distribution, etc. Roma
Name of publisher, distributor, etc. SSP Casa General
Date of publication, distribution, etc. 1986
300 ## - PHYSICAL DESCRIPTION
Extent 76 pp.
Dimensions 21 cm
520 ## - SUMMARY, ETC.
Summary, etc. Contiene:<br/><br/>- Introducción del P. Renato Perino<br/>- Presentación / explicación técnica<br/>- Siglario<br/>- Antología (63 textos)<br/>- Cuestionario (47 preguntas) para contestar en las<br/> comunidades locales<br/>- Indices<br/>
942 ## - ADDED ENTRY ELEMENTS (KOHA)
Source of classification or shelving scheme Dewey Decimal Classification
Koha item type LIBRO
Dati di copia
Withdrawn status Lost status Source of classification or shelving scheme Damaged status Not for loan Home library Current library Date acquired Total Checkouts Full call number Date last seen Price effective from Koha item type
    Dewey Decimal Classification Buone Condizioni Not For Loan PAULUS-BIBLIOTECA PAULUS-BIBLIOTECA 22/03/2013   P C4 22/03/2013 22/03/2013 LIBRO
CREDITS: SOCIETA' SAN PAOLO Via A.Severo, 58 - ROMA (RM) & PERIODICI SAN PAOLO SRL Via Giotto, 36 MILANO & CISF Via Giotto, 36 MILANO & EDIZIONI SAN PAOLO SRL,  Piazza Soncino, 5 CINISELLO BALSAMO (MI) -- ITALY